| 000 | 00688nam a2200181 a 4500 | ||
|---|---|---|---|
| 001 | 000028398 | ||
| 005 | 20200930054925.0 | ||
| 008 | 110408s1978 dr ac 000 0 spa d | ||
| 040 |
_aDO-SdBNP _bspa _cBNPHU |
||
| 082 |
_axxx _bS232C |
||
| 100 | 1 |
_aCuervo Gómez, Manuel Antonio _d1928- _921813 |
|
| 245 | 1 | 0 |
_aEstudio analítico de los factores militares del general Pedro Santana / _cManuel Antonio Cuervo Gómez ; prólogo Manuel de Jesús Goico Castro. |
| 260 |
_aSanto Domingo : _bImprenta Compostela, _c1978. |
||
| 300 |
_axviii, 30, [14] p. : _bil., retrs. ; _c21 cm. |
||
| 504 | _aBibliografía : p. [33] | ||
| 700 | 1 |
_aGoico Castro, Manuel de Jesús _epról. _923255 |
|
| 049 | _aBNPD | ||
| 999 |
_c27890 _d27890 |
||